The great frozen land: narrative of a winter journey across the tundras and a sojourn among the samoyads

Պահպանված է:
Մատենագիտական մանրամասներ
Հիմնական հեղինակ: Jackson, Frederick George (Հեղինակ)
Ձևաչափ: Գիրք
Լեզու:անգլերեն
Հրապարակվել է: Londres Macmilland and Co. 1895
Խորագրեր:
Ցուցիչներ: Ավելացրեք ցուցիչ
Չկան պիտակներ, Եղեք առաջինը, ով նշում է այս գրառումը!

MARC

LEADER 00000cam a2200000 a 4500
001 UCF4025
003 CL-VaPUC
008 121115e18950000UK |||||||||||||||||eng|d
082 0 4 |a 910.4  |b JAC  |2 21 
100 |a Jackson, Frederick George  |e author  |9 565662 
245 1 4 |a The great frozen land: narrative of a winter journey across the tundras and a sojourn among the samoyads 
300 |a 297 p 
942 |c BK 
945 |d 20121115 00:00:00  |a dcastane 
260 |a Londres  |b Macmilland and Co.  |c 1895 
650 0 |a Viajes y expediciones   |9 408124 
650 0 |a Viajeros  |9 267525 
583 |a last modification  |c 20121115 10:00:00  |k Rodrigo Vera 
999 |c 350027  |d 350025 
952 |0 0  |1 0  |4 0  |6 910_400000000000000_JAC_1895  |7 0  |8 X  |9 452992  |a FDOBUD  |b FDOBUD  |d 2019-11-22  |i 4920325  |o 910.4 JAC 1895  |p 4920325  |r 2019-11-22  |w 2019-11-22  |y BK_X  |k BUD